| 000 | 01271naa a22003497a 4500 | ||
|---|---|---|---|
| 001 | BR7703221 | ||
| 003 | BR-BrBNA | ||
| 005 | 20240918174001.0 | ||
| 007 | ta | ||
| 008 | 230509b bl.||||| |||| 00| 0 por d | ||
| 040 |
_aBR-BrBNA _bpor _cBiblioteca Nacional de Agricultura |
||
| 041 | _a(Pt) | ||
| 072 |
_aF70 _b0010 _bG514 _bGZ25 |
||
| 090 | _aF70 BR7703221 | ||
| 100 | 1 | _aFerreira, M.B. | |
| 100 | 1 | _aMagalhaes, G.M. | |
| 111 | 1 |
_a26. Congresso Nacional de Botanica _cRio de Janeiro, RJ (Brazil) _d26 Jan 1975 |
|
| 245 | 1 | _aContribuicao para o conhecimento da vegetacao da serra do Espinhaco em Minas Gerais (serras do Grao Mogol e da Ibitipoca) | |
| 260 | 3 |
_aRio de Janeiro, RJ (Brasil): _c1977. |
|
| 500 | _aTrabalhos do 26. Congresso Nacional de Botanica Rio de Janeiro, RJ (Brasil): 1977. p. 189-202 (BR7703221-AM)F70 | ||
| 650 | _aTaxonomia vegetal | ||
| 650 | _aPlanta | ||
| 650 | _aCobertura vegetal | ||
| 650 | _aDistribuicao geografica | ||
| 650 | _aFisiografia | ||
| 650 | _aVegetacao | ||
| 650 | _aSerra do Espinhaco | ||
| 650 | _aMinas Gerais | ||
| 773 | 0 |
_tTrabalhos do 26. Congresso Nacional de Botanica _wF70 BR7703221 _gRio de Janeiro, RJ (Brasil), 1977. p. 189-202 |
|
| 909 |
_a202404 _bLucia _c55 _dLucia Elande |
||
| 942 |
_cAM _2AGRIS |
||
| 999 |
_c308136 _d308136 |
||